Marketing Research in a Marketing Environment /

Gespeichert in:
Bibliographische Detailangaben
Hauptverfasser: Dillon, William R (Verfasst von), Madden, Thomas J (Verfasst von), Firtle, Neil H (Verfasst von)
Format: Buch
Sprache:Englisch
Veröffentlicht: Homewood : Richard D.Irwin, 1990
Ausgabe:2.Edition
Tags: Tag hinzufügen
Keine Tags, Fügen Sie das erste Tag hinzu!

MARC

LEADER 00000nam a22000003a 4500
001 stu21862
005 20150617225749.2
008 931117s1990----xxu-----------------eng-d
020 |a 0-256-07977-3 
040 |a STU  |b slo 
041 0 |a eng 
044 |a xxu 
080 |a 339.138  |7 stu_us_auth*stu8219 
100 1 |a Dillon, William R  |4 aut 
245 1 |a Marketing Research in a Marketing Environment /  |c [aut.]Dillon,William R., Madden,Thomas J., Firtle,Neil H 
250 |a 2.Edition 
260 |a Homewood :  |b Richard D.Irwin,  |c 1990 
300 |a 853 s :  |b Tab.,grafy,lit.,index 
700 1 |a Madden, Thomas J  |4 aut 
700 1 |a Firtle, Neil H  |4 aut 
996 |b C92212  |c C*92212  |l CCXIV  |s P  |a 0  |w stu21862_0001 
996 |b C92166  |c C*92166  |l CCXIV  |s P  |a 0  |w stu21862_0002